000 00585nam a22001937a 4500
999 _c15623
_d15623
003 AR-CdUCM
008 190429b ||||| |||| 00| 0 spa d
040 _aMUNICIPALIDAD PROVINCIAL DEL CUSCO
_cBIBLIOTECA MUNICIPAL DEL CUSCO
082 _a791.4 /
_bC52
245 _aEl cine /
260 _aBarcelona :
_bArgos,
_c1966.
300 _a504 páginas ;
_bFotografías,
_c34 cm.
505 _aContenido: Historia del cine.
650 _aHistoria del cine
_95756
650 _aTécnica de cine
_934745
650 _aActuación
_934746
942 _2ddc
_cLIBROS
945 _adavv
_d29/04/2019